Make your agency move effective (Record no. 1436629)

MARC details
000 -LEADER
fixed length control field 00552nam a2200205Ia 4500
005 - DATE AND TIME OF LATEST TRANSACTION
control field 20250923144242.0
008 - FIXED-LENGTH DATA ELEMENTS--GENERAL INFORMATION
fixed length control field 008 250917s9999 xx 000 0 eng d
037 ## - SOURCE OF ACQUISITION
Stock number Textual
040 ## - CATALOGING SOURCE
Original cataloging agency DSWL
Language of cataloging eng
Transcribing agency DSWL
041 ## - LANGUAGE CODE
Language code of text/sound track or separate title eng
Source of code eng
084 ## - COLON CLASSIFICATION NUMBER
Classification number YX;5B-26:8, N41
Assigning agency DSWL
100 ## - MAIN ENTRY--PERSONAL NAME
Personal name Swift, A.L
9 (RLIN) 822870
245 #0 - TITLE STATEMENT
Title Make your agency move effective
Statement of responsibility, etc. by A.L Swift
260 ## - PUBLICATION, DISTRIBUTION, ETC.
Place of publication, distribution, etc. New York
Date of publication, distribution, etc. 1941
300 ## - PHYSICAL DESCRIPTION
Extent 322 p.
365 ## - TRADE PRICE
Price type code INR
Price amount 3
925 ## -
-- 3
942 ## - ADDED ENTRY ELEMENTS (KOHA)
Koha item type Textual
Classification part YX;5B-26:8, N41
Holdings
Withdrawn status Lost status Damaged status Not for loan Home library Current library Date acquired Total Checkouts Full call number Barcode Date last seen Price effective from Koha item type
        Department of Social Work Library Department of Social Work Library 2025-09-23   YX;5B-26:8, N41 SW0000481 2025-09-23 2025-09-23 Textual
Copyright @ Delhi University Library System